Estadísticas para Aeropuertos españoles

Haz click aquí para intentar la prueba.

Estadísticas generales

  • Esta prueba ha sido intentada 237 veces
  • La puntuación promedio es 29 de 43

Estadísticas de respuestas

Comunidad AutónomaAeropuerto% Correcto
MadridAdolfo Suárez- Madrid- Barajas
100%
CataluñaJosep Tarradellas Barcelona- El Prat
94%
AndalucíaFederico García Lorca Granada- Jaén
90%
AndalucíaSevilla
90%
AndalucíaMálaga
88%
País VascoBilbao
87%
Comunidad ValencianaValencia
86%
Comunidad ValencianaAlicante- Elche
84%
GaliciaA Coruña
83%
AragónZaragoza
83%
GaliciaSantiago- Rosalía de Castro
80%
País VascoSan Sebastián
78%
Castilla y LeónValladolid
78%
GaliciaVigo
77%
Castilla y LeónLeón
76%
AndalucíaAlmería
75%
AndalucíaCórdoba
75%
País VascoVitoria
73%
ExtremaduraBadajoz
72%
NavarraPamplona
72%
Islas BalearesIbiza
71%
AragónHuesca- Los Pirineos
69%
La RiojaLogroño- Agoncillo
69%
Islas BalearesPalma de Mallorca
68%
Castilla y LeónSalamanca
68%
MurciaInternacional- Región de Murcia
67%
Castilla La ManchaAlbacete
66%
AndalucíaJerez
66%
Islas BalearesMenorca
64%
Castilla y LeónBurgos
60%
CataluñaGerona- Costa Brava
57%
CantabriaSeveriano Ballesteros- Santander
54%
AsturiasAsturias
53%
CanariasGran Canaria
51%
MelillaMelilla
49%
CataluñaReus
49%
CanariasTenerife Norte- Ciudad de la Laguna
46%
CanariasCésar Manrique- Lanzarote
44%
CanariasFuerteventura
44%
CanariasTenerife Sur
44%
CanariasEl Hierro
39%
CanariasLa Gomera
39%
CataluñaSabadell
19%

Distribución de puntuación

Porcentaje por número respondido

Porcentaje de gente con cada puntuación

Historial de tus puntuaciones

No has intentado esta prueba.